Calefacció i aigua calenta sanitària : 23 de febrer de 1995 23 de febrer de 1995
Publicado:
Barcelona :
Diputació de Barcelona. Àrea d'Acció Territorial i Medi Ambient. Servei de Medi Ambient, [1995]
Descripción Física:
[114] p. : map., gràf., taules ; 30 cm
Materias:
Calefacció -- Espanya -- Congressos
MARC
| LEADER | 00000nam a2200000Ia 4500 | ||
|---|---|---|---|
| 001 | 24604 | ||
| 003 | BGR | ||
| 005 | 20260324180606.0 | ||
| 008 | 160829s9999 xx 000 0 cat d | ||
| 080 | |a Bib-261 | ||
| 111 | |a Eficiència Energètica i Serveis Municipals. Jornada |9 70734 |c (Barcelona : |d 1995) | ||
| 245 | |a Calefacció i aigua calenta sanitària : |b 23 de febrer de 1995 | ||
| 260 | |a Barcelona : |b Diputació de Barcelona. Àrea d'Acció Territorial i Medi Ambient. Servei de Medi Ambient, [1995] | ||
| 300 | |a [114] p. : |b map., gràf., taules ; |c 30 cm | ||
| 590 | |a Text en català, algunes ponències en castellà | ||
| 650 | |a Calefacció |x Espanya |x Congressos |9 49475 | ||
| 710 | 1 | |a Barcelona (Catalunya : Província). |b Servei de Medi Ambient |9 53475 | |
| 901 | |a Arxiu | ||
| 942 | |n 1 |2 udc |c MON | ||
| 952 | |0 0 |1 0 |4 0 |6 BIB261 |7 1 |9 55382 |a Arxiu |b Arxiu |d 2016-12-01 |l 0 |o Bib-261 |p 24604 |r 2016-12-01 00:00:00 |w 2016-12-01 |y ARXIU | ||
| 999 | |c 59255 |d 59255 | ||